Prénoms filles 2002 - Statistiques

Statistiques générales
  • Ce quiz a été pris 260 fois
  • Le résultat moyen est 56 sur 100
Statistiques - réponses
Hint Lettre Prénoms % Correct
6 M Marie
95%
1 L Léa
94%
9 J Julie
91%
4 C Chloé
90%
3 E Emma
90%
49 L Lou
89%
2 M Manon
89%
5 C Clara
83%
15 P Pauline
80%
34 Z Zoé
79%
27 C Camille
78%
31 L Louise
78%
51 A Anna
77%
10 L Laura
77%
21 J Juliette
76%
23 C Charlotte
74%
7 O Océane
74%
11 S Sarah
74%
22 J Jade
73%
14 L Lisa
73%
18 I Inès
72%
8 L Lucie
72%
16 M Marine
71%
24 E Emilie
70%
12 M Mathilde
70%
38 E Élisa
69%
40 E Élise
69%
61 J Julia
68%
36 R Romane
68%
39 A Alice
67%
44 J Jeanne
67%
26 L Lola
66%
29 N Noémie
66%
43 L Léna
65%
84 L Lise
65%
37 M Marion
65%
19 J Justine
64%
17 E Eva
63%
87 S Sophie
62%
13 A Anaïs
61%
65 V Valentine
61%
35 A Alicia
60%
30 C Clémence
58%
50 M Margot
58%
41 C Carla
57%
96 O Olivia
57%
32 M Margaux
56%
62 N Nina
56%
77 V Victoria
56%
48 A Amélie
55%
95 L Lina
55%
46 A Agathe
53%
75 A Ambre
52%
90 L Louna
52%
45 M Maëlle
52%
66 M Maëlys
52%
28 A Amandine
51%
25 C Célia
51%
56 F Fanny
50%
20 M Maeva
50%
33 M Morgane
50%
58 C Claire
49%
78 L Lilou
49%
57 M Mélanie
49%
93 A Aurélie
48%
81 A Alexandra
47%
54 A Audrey
46%
55 E Élodie
46%
79 Y Yasmine
46%
69 C Coralie
45%
99 M Marina
45%
42 M Mélissa
45%
68 E Éloïse
44%
47 L Laurine
44%
91 C Clémentine
43%
89 C Caroline
42%
53 C Cassandra
42%
98 C Céline
42%
63 S Salomé
42%
60 S Solène
42%
71 A Anaëlle
41%
67 E Elsa
41%
100 O Ophélie
41%
52 A Alexia
39%
80 E Estelle
39%
72 A Axelle
38%
70 C Coline
38%
59 E Émeline
38%
82 M Mélina
37%
76 L Laurie
36%
86 L Léonie
36%
73 C Clarisse
35%
83 I Ilona
34%
97 J Jessica
34%
74 A Andréa
33%
92 L Lucile
31%
64 F Flavie
30%
88 M Myriam
27%
94 A Alizée
16%
85 N Nolwenn
10%
Aucun quiz correspondant
Distribution des résultats
% des personnes avec chaque résultat
Percentile par nombre de réponses
Votre historique - résultats
Vous n’avez pas pris ce quiz